000 00799pam a2200241 a 4500
001 2596426
005 20180118044644.0
008 970227s1998 maua b 001 0 eng c
010 _a 97006601
020 _a020519799X
040 _aDNLM/DLC
_cDLC
_dDLC
041 _aeng
060 1 0 _aWM 475 S587r 1997
080 _a616.85.0072 FRA
082 0 0 _a616.85.0072 FRA
_221
100 1 _a9
101 _aPAT
245 1 0 _aResearch design and evaluation in speech-language pathology and audiology /
_cFranklin H. Silverman.
504 _aIncludes bibliographical references (p. 367-381) and indexes.
906 _a7
_bcbc
_corignew
_d1
_eocip
_f19
_gy-gencatlg
942 _2ddc
_cBK
999 _c40445
_d40445